| 000 | 00956nam a2200229Ia 4500 | ||
|---|---|---|---|
| 003 | Ost | ||
| 005 | 20260507075657.0 | ||
| 008 | 260507s9999||||xx |||||||||||||| ||und|| | ||
| 040 | _cfsecg | ||
| 041 | _aara | ||
| 082 | _a339.47 | ||
| 100 |
_aالناقة، أحمد أبو الفتوح علي _eمؤلف |
||
| 245 | 0 |
_aاقتصاديات الإنفاق الدفاعي : _bمحدداته وآثاره الاقتصادية / _c أحمد أبو الفتوح علي الناقة |
|
| 260 |
_aالاسكندية: _bمكتبة ومطبعة الاشعاع الفنية, _c2001 |
||
| 300 |
_a52 صفحة؛ _bإيضاحات ؛ _c24 سم |
||
| 520 | _aمدى خارجية الانفاق الدفاعي ومحدداته، الآثار الاقتصادية للانفاق الدفاعي. | ||
| 653 | _aالأثار الإقتصادية | ||
| 653 | _aالإستهلاك | ||
| 653 | _aالإنفاق | ||
| 653 | _aالدفاع الوطني | ||
| 942 | _cكتاب | ||
| 999 |
_c45717 _d45717 |
||